Soil organic matter its nature its role in soil formation and in soil fertility. (Record no. 21193)

MARC details
000 -LEADER
fixed length control field 00362nam a2200121Ia 4500
082 ## - DEWEY DECIMAL CLASSIFICATION NUMBER
Classification number 631.417
Item number KON;1
100 ## - MAIN ENTRY--AUTHOR NAME
Personal name KONONOVA, M M
245 #0 - TITLE STATEMENT
Title Soil organic matter its nature its role in soil formation and in soil fertility.
260 ## - PUBLICATION, DISTRIBUTION, ETC. (IMPRINT)
Place of publication New York
Name of publisher Pergamon
Year of publication 1961
650 ## - SUBJECT ADDED ENTRY--TOPICAL TERM
Topical Term Soil organic matter
942 ## - ADDED ENTRY ELEMENTS (KOHA)
Koha item type Books
Holdings
Withdrawn status Lost status Damaged status Not for loan Home library Current library Date acquired Full call number Accession Number Koha item type
        RRII Library RRII Library 16/12/2021 631.417 KON;1 01913 Books